Colon classification: Its structure and working (Record no. 32509)

MARC details
000 -LEADER
fixed length control field 00303nam a2200109Ia 4500
082 ## - DEWEY DECIMAL CLASSIFICATION NUMBER
Classification number 025.49(C)
Item number CHA
100 ## - MAIN ENTRY--AUTHOR NAME
Personal name Chand, Mohinder Pratap
245 #0 - TITLE STATEMENT
Title Colon classification: Its structure and working
260 ## - PUBLICATION, DISTRIBUTION, ETC. (IMPRINT)
Place of publication New Delhi
Name of publisher Sterling
Year of publication 1978
942 ## - ADDED ENTRY ELEMENTS (KOHA)
Koha item type Books
Holdings
Withdrawn status Lost status Damaged status Not for loan Home library Current library Date acquired Cost, normal purchase price Full call number Accession Number Koha item type
        RRII Library RRII Library 16/12/2021 40.00 025.49(C) CHA 13026 Books